Rozhovor s Jánom [t.j. Ivanom] Kamencom

Bibliographic Details
Main Author: Kamenec, Ivan, 1938- (Author)
Format: Article
Language:Slovak
ISSN:1335-1702
Subjects:

MARC

LEADER 00000nab a2200000 a 4500
001 vtls000668627
003 SK-MaSNL
005 20260304094826.0
008 250425c1998 xo 0 slo
015 |a SNBRB1998/07-18910 
035 |a CLN000020808 
035 |a urn:nbn:sk:snk-ab9wkg 
035 |a (urnnbn)urn:nbn:sk:snk:ar-a092jd 
035 |a (uuid)58188d59-dd9f-4cc9-b4e7-0daa59cf35cb 
040 |a SNKBUCL  |b slo  |c SNKBUCL  |e AACR2 
041 0 |a slo 
044 |a xo  |c SK 
080 |a 930.1-051  |2 1997 
245 0 0 |a Rozhovor s Jánom [t.j. Ivanom] Kamencom  |c otázky kládol RAK 
600 1 7 |a Kamenec, Ivan,  |d 1938-  |2 snkbucl  |9 102304 
655 7 |a články z novín a časopisov  |2 snkbucl  |9 267496 
700 1 |a Kamenec, Ivan,  |d 1938-  |4 aut  |9 102304 
773 0 |t RAK  |g Roč. 3, č. 1-2 (1998), s. 76-87  |x 1335-1702 
850 |a Slovenská národná knižnica 
852 |a Slovenská národná knižnica 
958 |a article13 
958 |a OND 
958 |a SK 
958 |a EUIPO 
992 |a RBX 
999 |c 2829159  |d 2831089